000 00655cad a22002055a 4500
001 L160053
008 150226s2018 xxk f 000 0 eng d
035 _a(Sirsi) u160053
041 0 _aeng
100 1 _aBranson, Adam
245 0 4 _aThe thin green line
260 _c2018
490 _aModus
_vApril 2018, 26-28 (3)
520 _aFor years it's been a battle ground between those who argue it's vital for stopping urban sprawl, and those who complain it restricts growth. Is it time to reassess the green belt?
590 _aKA
650 2 4 _aGREEN BELTS
650 2 4 _aGREEN BELT POLICY
690 _aPlanning and development
_96259
942 _n0
999 _c85162
_d85162